Statistics for The Simpsons

Click here to take the quiz!

General Stats

  • This quiz has been taken 1,322 times
  • The average score is 13 of 15

Answer Stats

HintAnswer% Correct
SonBart
100%
Main ManHomer
100%
DaughterLisa
100%
DaughterMaggie
99%
MotherMarge
99%
Bart's age10
96%
Annoying simpsons neighbourNed Flanders
96%
Kwik-E-mart ownerApu
93%
Chief wiggum's sonRalph
92%
Simpsons DogSantas little helper
92%
Bar Homer regulary visitsmoes
89%
Running ChannelChannel 4
74%
CreatorMatt Groening
73%
Who fancies LisaMilhouse
46%
First episodeDecember 17 1989
1%

Score Distribution

Percentile by Number Answered

Percent of People with Each Score

Your Score History

You have not taken this quiz